Art on the Jesuit Missions in Asia and Latin America, 1542-1773 (Record no. 1477)

MARC details
000 -CABECERA
campo de control de longitud fija 00902nam a2200253 a 4500
001 - NÚMERO DE CONTROL
campo de control BRCA_1684
005 - FECHA Y HORA DE LA ÚLTIMA TRANSACCIÓN
campo de control 20190320203515.0
008 - DATOS DE LONGITUD FIJA--INFORMACIÓN GENERAL
campo de control de longitud fija 000710s1999 onca---##b---#001-0#eng-c
020 ## - NÚMERO INTERNACIONAL ESTÁNDAR DEL LIBRO
Número Internacional Estándar del Libro 0802085075
040 ## - FUENTE DE LA CATALOGACIÓN
Centro catalogador/agencia de origen CaOTU
Lengua de catalogación eng
Centro/agencia transcriptor NLC
Centro/agencia modificador UMC
050 #4 - SIGNATURA TOPOGRÁFICA DE LA BIBLIOTECA DEL CONGRESO
Número de clasificación N7972
Número de documento/Ítem .B35 1999
100 1# - ENTRADA PRINCIPAL--NOMBRE DE PERSONA
Nombre de persona Bailey, Gauvin Alexander
9 (RLIN) 5261
245 10 - MENCIÓN DE TÍTULO
Título Art on the Jesuit Missions in Asia and Latin America, 1542-1773
Mención de responsabilidad, etc. Gauvin Alexander Bailey.
260 ## - PUBLICACIÓN, DISTRIBUCIÓN, ETC.
Lugar de publicación, distribución, etc. Buffalo
Nombre del editor, distribuidor, etc. University of Toronto
Fecha de publicación, distribución, etc. c1999
300 ## - DESCRIPCIÓN FÍSICA
Extensión xii, 310 p., [80 p.] de láminas
Otras características físicas il.
Dimensiones 25 cm.
500 ## - NOTA GENERAL
Nota general Incluye índice alfabético
504 ## - NOTA DE BIBLIOGRAFÍA, ETC.
Nota de bibliografía, etc. Bibliografía : p. [259]-286
650 14 - PUNTO DE ACCESO ADICIONAL DE MATERIA--TÉRMINO DE MATERIA
Término de materia o nombre geográfico como elemento de entrada Jesuitas
Subdivisión general Misiones
Subdivisión geográfica Asia
9 (RLIN) 5262
650 14 - PUNTO DE ACCESO ADICIONAL DE MATERIA--TÉRMINO DE MATERIA
Término de materia o nombre geográfico como elemento de entrada Jesuitas
Subdivisión general Misiones
Subdivisión geográfica América Latina
9 (RLIN) 5263
650 14 - PUNTO DE ACCESO ADICIONAL DE MATERIA--TÉRMINO DE MATERIA
Término de materia o nombre geográfico como elemento de entrada Jesuitas en el arte
Subdivisión general Historia
Subdivisión geográfica Asia
9 (RLIN) 5264
650 14 - PUNTO DE ACCESO ADICIONAL DE MATERIA--TÉRMINO DE MATERIA
Término de materia o nombre geográfico como elemento de entrada Jesuitas en el arte
Subdivisión general Historia
Subdivisión geográfica América Latina
9 (RLIN) 5265
653 0# - TÉRMINO DE INDIZACIÓN--NO CONTROLADO
Término no controlado Ordenes religiosas
942 ## - ELEMENTOS DE PUNTO DE ACCESO ADICIONAL (KOHA)
Fuente del sistema de clasificación o colocación Library of Congress Classification
Tipo de ítem Koha Libros
Holdings
Estado de retiro Estado de pérdida Estado dañado No para préstamo Localización permanente Ubicación/localización actual Fecha de adquisición Total de préstamos Signatura topográfica completa Código de barras Fecha visto por última vez Precio válido a partir de Tipo de ítem Koha
El ejemplar forma parte de la colección y puede ser consultado según las políticas vigentes.       Biblioteca del Museo Franz Mayer (Rogerio Casas-Alatriste) Biblioteca del Museo Franz Mayer (Rogerio Casas-Alatriste) 27/06/2008   N7972 .B35 1999 02320 22/03/2019 22/03/2019 Libros